Game of Thrones Episode 9 Deaths Quiz Stats

 Plays Quiz not verified by Sporcle

Challenge
Share
Tweet
Embed
Score 0/28 Timer 06:00
0 Plays Today
Episode Character % Correct
Episode 3.09, 'The Rains of Castamere'Robb Stark
97.6%
Episode 1.09, 'Baelor'Eddard Stark
97.3%
Episode 3.09, 'The Rains of Castamere'Catelyn Stark
97.2%
Episode 6.09, 'Battle of the Bastards'Ramsay Bolton
95.4%
Episode 4.09, 'The Watchers on the Wall'Ygritte
89.2%
Episode 4.09, 'The Watchers on the Wall'Grenn
84.9%
Episode 3.09, 'The Rains of Castamere'Talisa Stark
84.2%
Episode 4.09, 'The Watchers on the Wall'Pypar
84.2%
Episode 6.09, 'Battle of the Bastards'Wun Weg Wun Dar Wun
74.5%
Episode 6.09, 'Battle of the Bastards'Rickon Stark
70.2%
Episode 2.09, 'Blackwater'Matthos Seaworth
67.4%
Episode 6.09, 'Battle of the Bastards'Jon 'Smalljon' Umber
65.3%
Episode 3.09, 'The Rains of Castamere'Grey Wind
60.2%
Episode 2.09, 'Blackwater'Mandon Moore
58.6%
Episode Character % Correct
Episode 4.09, 'The Watchers on the Wall'Mag Mar Tun Doh Weg
56.3%
Episode 4.09, 'The Watchers on the Wall'Styr
54.5%
Episode 5.09, 'The Dance of Dragons'Shireen Baratheon
53.7%
Episode 5.09, 'The Dance of Dragons'Hizdahr zo Loraq
48.9%
Episode 3.09, 'The Rains of Castamere'Joyeuse Erenford
35.5%
Episode 3.09, 'The Rains of Castamere'Orell
30.3%
Episode 1.09, 'Baelor'Qotho
27.1%
Episode 3.09, 'The Rains of Castamere'Wendel Manderly
19.4%
Episode 6.09, 'Battle of the Bastards'Razdal mo Eraz
15.6%
Episode 6.09, 'Battle of the Bastards'Belicho Paenymion
15.6%
Episode 4.09, 'The Watchers on the Wall'Dongo
11.8%
Episode 4.09, 'The Watchers on the Wall'Donnel Hill
10.8%
Episode 4.09, 'The Watchers on the Wall'Cooper
9.4%
Episode 4.09, 'The Watchers on the Wall'Smitty
6%

You're not logged in!

Compare scores with friends on all Sporcle quizzes.
Join for Free
OR
Log In

You Might Also Like...

Show Comments

Extras

Top Quizzes Today


Score Distribution

Your Account Isn't Verified!

In order to create a playlist on Sporcle, you need to verify the email address you used during registration. Go to your Sporcle Settings to finish the process.

Report this User

Report this user for behavior that violates our Community Guidelines.

Details: